Geography Quiz

Random Geography or Art Quiz
Score 0/25 Timer 08:00
7 Plays Today
% Correct
Statue of Liberty
99.2%
Great Wall of China
97.5%
Eiffel Tower
96.9%
Taj Mahal
88.9%
Great Sphinx of Giza
88.7%
Grand Canyon
84.6%
Niagara Falls
82.6%
Acropolis of Athens
79.8%
Colosseum
77.9%
Mount Fuji
76.2%
Notre Dame de Paris
71.8%
Christ the Redeemer
65%
Tower Bridge
64.7%
% Correct
Kilimanjaro
64.6%
Uluru
62.3%
Brandenburg Gate
60.5%
CN Tower
56.2%
Forbidden City
54.5%
Machu Picchu
52.6%
Petra
44%
Saint Basil's Cathedral
41.9%
Chichén Itzá
36.2%
Hagia Sophia
35.6%
Dome of the Rock
33.3%
Kaaba
27%
Remove Ads.
Support Sporcle.
Get the best of Sporcle when you Go Orange. This ad-free experience offers more features, more stats, and more fun while also helping to support Sporcle. Thank you for becoming a member.

You're not logged in!

Compare scores with friends on all Sporcle quizzes.
OR
Log In

Show Comments

Extras

Top Quizzes Today


Score Distribution

Your Account Isn't Verified!

In order to create a playlist on Sporcle, you need to verify the email address you used during registration. Go to your Sporcle Settings to finish the process.

Report this User

Report this user for behavior that violates our Community Guidelines.

Details: